MARC details
| 000 -CABECERA |
| campo de control de longitud fija |
02051nam a2200421 a 4500 |
| 003 - IDENTIFICADOR DEL NÚMERO DE CONTROL |
| campo de control |
CHAP |
| 005 - FECHA Y HORA DE LA ÚLTIMA TRANSACCIÓN |
| campo de control |
20230317184145.0 |
| 007 - CAMPO FIJO DE DESCRIPCIÓN FÍSICA--INFORMACIÓN GENERAL |
| campo de control de longitud fija |
ta |
| 008 - DATOS DE LONGITUD FIJA--INFORMACIÓN GENERAL |
| campo de control de longitud fija |
230317s2009 ag a|||f |||| 001 0 spa d |
| 020 ## - NÚMERO INTERNACIONAL ESTÁNDAR DEL LIBRO |
| Número Internacional Estándar del Libro |
978-950-24-1043-2 |
| 040 ## - FUENTE DE LA CATALOGACIÓN |
| Centro catalogador/agencia de origen |
mxchpua |
| Centro/agencia transcriptor |
CHAP |
| Normas de descripción |
rda |
| 050 10 - SIGNATURA TOPOGRÁFICA DE LA BIBLIOTECA DEL CONGRESO |
| Número de clasificación |
TS1974 |
| Número de documento/Ítem |
.M66 2009 |
| 082 00 - NÚMERO DE LA CLASIFICACIÓN DECIMAL DEWEY |
| Número de edición |
20 |
| Número de clasificación |
664.90286 |
| Número de documento/Ítem |
M66 2009 |
| 100 1# - ENTRADA PRINCIPAL--NOMBRE DE PERSONA |
| 9 (RLIN) |
154752 |
| Nombre de persona |
Monín, Alberto |
| Término indicativo de función/relación |
autor |
| 245 10 - MENCIÓN DE TÍTULO |
| Título |
Chacinados caseros / |
| Mención de responsabilidad, etc. |
Alberto Monin |
| 250 ## - MENCIÓN DE EDICIÓN |
| Mención de edición |
1a edición |
| 264 ## - PRODUCCIÓN, PUBLICACIÓN, DISTRIBUCIÓN, FABRICACIÓN Y COPYRIGHT |
| Producción, publicación, distribución, fabricación y copyright |
Argentina : |
| Nombre del de productor, editor, distribuidor, fabricante |
Albatros, |
| Fecha de producción, publicación, distribución, fabricación o copyright |
2009 |
| 300 ## - DESCRIPCIÓN FÍSICA |
| Extensión |
190 páginas : |
| Otras características físicas |
ilustraciones |
| 336 ## - TIPO DE CONTENIDO |
| Fuente |
rdacontent |
| Término de tipo de contenido |
texto |
| Código de tipo de contenido |
txt |
| 337 ## - TIPO DE MEDIO |
| Fuente |
rdamedia |
| Nombre/término del tipo de medio |
sin medio |
| Código del tipo de medio |
n |
| 338 ## - TIPO DE SOPORTE |
| Fuente |
rdacarrier |
| Nombre/término del tipo de soporte |
volumen |
| Código del tipo de soporte |
nc |
| 490 10 - MENCIÓN DE SERIE |
| Mención de serie |
Microemprendimientos (Albatros) |
| Designación de volumen o secuencia |
5 |
| 500 ## - NOTA GENERAL |
| Nota general |
En la cubierta tiene como subtítulo "Su empresa de embutidos" |
| 520 2# - SUMARIO, ETC. |
| Sumario, etc. |
Este libro, escrito en forma concisa, describe los principios esenciales de la conservación de los alimentos cárnicos, métodos aconsejados en la preparación casera y prácticas recetas con ideas innovadoras sobre el tema.El autor quiere ayudar a todos aquellos lectores que desean iniciarse en la preparación de fiambres y embutidos como chorizos, morcillas, jamones, etc.; con un microemprendimiento como objetivo. Embutidos frescos como chorizos, morcillas, longanizas, salchichas y mortadela.Embutidos secos como salames, jamones, chorizos, bondiola y panceta.Hierbas y especias más comunes utilizadas en la preparación de las carnes.Además, recetas para preparar codeguines, sopresata y matambres |
| 650 13 - PUNTO DE ACCESO ADICIONAL DE MATERIA--TÉRMINO DE MATERIA |
| 9 (RLIN) |
147832 |
| Término de materia o nombre geográfico como elemento de entrada |
Productos cárnicos |
| 650 13 - PUNTO DE ACCESO ADICIONAL DE MATERIA--TÉRMINO DE MATERIA |
| 9 (RLIN) |
147937 |
| Término de materia o nombre geográfico como elemento de entrada |
Industria del ganado y de la carne |
| 650 13 - PUNTO DE ACCESO ADICIONAL DE MATERIA--TÉRMINO DE MATERIA |
| 9 (RLIN) |
149491 |
| Término de materia o nombre geográfico como elemento de entrada |
Carnes curadas |
| 650 13 - PUNTO DE ACCESO ADICIONAL DE MATERIA--TÉRMINO DE MATERIA |
| 9 (RLIN) |
186460 |
| Término de materia o nombre geográfico como elemento de entrada |
Carne fermentada |
| 650 17 - PUNTO DE ACCESO ADICIONAL DE MATERIA--TÉRMINO DE MATERIA |
| 9 (RLIN) |
22880 |
| Término de materia o nombre geográfico como elemento de entrada |
Chorizo |
| 650 13 - PUNTO DE ACCESO ADICIONAL DE MATERIA--TÉRMINO DE MATERIA |
| 9 (RLIN) |
151290 |
| Término de materia o nombre geográfico como elemento de entrada |
Salchichas |
| 650 13 - PUNTO DE ACCESO ADICIONAL DE MATERIA--TÉRMINO DE MATERIA |
| 9 (RLIN) |
147939 |
| Término de materia o nombre geográfico como elemento de entrada |
Meat products |
| 650 13 - PUNTO DE ACCESO ADICIONAL DE MATERIA--TÉRMINO DE MATERIA |
| 9 (RLIN) |
147938 |
| Término de materia o nombre geográfico como elemento de entrada |
Livestock and meat industry |
| 650 13 - PUNTO DE ACCESO ADICIONAL DE MATERIA--TÉRMINO DE MATERIA |
| 9 (RLIN) |
149492 |
| Término de materia o nombre geográfico como elemento de entrada |
Cured meats |
| 650 13 - PUNTO DE ACCESO ADICIONAL DE MATERIA--TÉRMINO DE MATERIA |
| 9 (RLIN) |
186461 |
| Término de materia o nombre geográfico como elemento de entrada |
Fermented meat |
| 650 13 - PUNTO DE ACCESO ADICIONAL DE MATERIA--TÉRMINO DE MATERIA |
| 9 (RLIN) |
159088 |
| Término de materia o nombre geográfico como elemento de entrada |
Sausages |
| 830 #0 - PUNTO DE ACCESO ADICIONAL DE SERIE-TÍTULO UNIFORME |
| 9 (RLIN) |
75511 |
| Título uniforme |
Microemprendimientos (Albatros) |
| Designación de volumen o secuencia |
5 |
| 942 ## - ELEMENTOS DE PUNTO DE ACCESO ADICIONAL (KOHA) |
| Fuente del sistema de clasificación o colocación |
Dewey Decimal Classification |
| Tipo de ítem Koha |
|